000 00413nam a2200133Ia 4500
008 210430s9999 xx 000 0 und d
020 _a0-13-013851-7
082 _a660 A415 N
100 _aAlkis Constantinides, Navid Mostoufi
_9127637
245 _aNumerical Methods for Chemical Engineers with Matlab Applications /
_cAlkis
260 _aNew Jersey
_bPrentice hall
_c1999
300 _a543 p
942 _cBK
_2ddc
999 _c564555
_d564555